Statistiques concernant Pays qui faisaient autrefois partie de la Prusse

Cliquez ici pour prendre le quiz!

Statistiques générales

  • Ce quiz a été pris 138 fois
    (134 depuis la dernière actualisation)
  • Le résultat moyen est 6 sur 7

Statistiques - réponses

Pays% Correct
Pologne
98%
Allemagne
97%
République Tchèque
86%
Danemark
85%
Lituanie
82%
Russie
75%
Belgique
65%

Distribution des résultats

Percentile par nombre de réponses

% des personnes avec chaque résultat

Votre développement - résultats

Vous n’avez pas pris ce quiz depuis la dernière actualisation